000 00983nam a22002177a 4500
003 NALT
005 20250128103338.0
008 s2558 th tha d
020 _a9786165089883
040 _aNALT
041 _atha
050 _aJQ 1745.A5
_bว555บ 2558
100 0 _aวิชิตวงศ์ ณ ป้อมเพชร
_95822
245 1 0 _aบันทึกช่วยจำ :
_bหลักคิดและทัศนคติทางสังคม เศรษฐกิจและการเมือง /
_cวิชิตวงศ์ ณ ป้อมเพชร.
260 _aกรุงเทพฯ :
_bแสงดาว,
_c2558.
300 _a303 หน้า ;
_b
_c21 ซม.
651 4 _922038
_aไทย
_xภาวะสังคม
_xรวมเรื่อง
651 4 _aไทย
_xการเมืองและการปกครอง
_xรวมเรื่อง
_93099
850 _aNALT
942 _cGB
_2lcc
999 _c73753
_d73753
998 _j104
_k นางสาวสายฝน ดีงาม